000
00333nam a22001457a 4500
008
211011b ||||| |||| 00| 0 eng d
020
_a
2900205674595
041
_a
eng
080
_2
5th
_a
371
082
_a
371
100
_a
46
101
_a
EDU
245
_a
A Brief Guide to Writing from Readings
_c
Wilhoit,S
942
_2
udc
_c
BK
999
_c
58127
_d
58127